| 000 | 00384nam a2200157 4500 | ||
|---|---|---|---|
| 003 | DO-SdBNP | ||
| 005 | 20180216125647.0 | ||
| 008 | 161128b1999 sp||||| |||| 00| 0 spa d | ||
| 020 | _a8421635611 | ||
| 040 |
_aBPMSU _bspa _cBPMSU |
||
| 245 | _aLa pata y la gata | ||
| 300 |
_a22 p. : _bil. : _c16 cm |
||
| 942 |
_2ddc _cBK |
||
| 945 | _ainventariado, 2018 / dg | ||
| 956 | _adgarcia | ||
| 999 |
_c12113 _d12113 |
||